000 00531nam a2200193 4500
003 OSt
005 20240719021557.0
006 a
008 240719b |||||||| |||| 00| 0 eng d
020 _a1855033429
040 _aDWCL-Main lib.
_cOC
082 _aCirc. 371.14124 B619h 2002
100 _aBirkett, Veronica
245 _aHow to survive and succeed as a teaching assistant /
260 _aUK :
_bLDA,
_cc2002.
300 _b64 p. : ill. ;
_c30 cm.
650 _a1. Classroom management
942 _2ddc
_n0
_cBK-CIRC
_kCirc.
999 _c2408
_d2408